LEADER 01036cam2 22002771 450 001 SOBE00016077 005 20151023111604.0 100 $a20110705d1951 |||||ita|0103 ba 101 $alat$aita 102 $aIT 200 1 $a<<2: >>Italiano-latino$fFerruccio Calonghi 210 $aTorino$cRosenberg & Sellier$d1951 215 $a1842 colonne$d25 cm 461 1$1001E600200029529$12001 $aDizionario della lingua latina / Ferruccio Calonghi$v2 700 1$aCalonghi$b, Ferruccio$3A600200026083$4070$072345 801 0$aIT$bUNISOB$c20151023$gRICA 850 $aUNISOB 852 $aUNISOB$j870|Diz$m4143 852 $aUNISOB$j870|Diz$m116116 912 $aSOBE00016077 940 $aM 102 Monografia moderna SBN 941 $aM 957 $xCons$a870|Diz$b000009$i-2$gCON$d4143$tC$1rovito$2UNISOB$3UNISOB$420110705141644.0$520150907131038.0$6menle 957 $xCons$a870|Diz$b000032$gCON$d116116$racquisto$tO$1menle$2UNISOB$3UNISOB$420150909105851.0$520151023111604.0$6bethb 996 $aItaliano-latino$91546867 997 $aUNISOB LEADER 01401oas 22005413 450 001 9910894579203321 005 20251009110031.0 011 $a2374-7412 035 $a(DE-599)ZDB1491204-1 035 $a(OCoLC)316179540 035 $a(CONSER) 2014203720 035 $a(CKB)3580000000001502 035 $a(DE-599)1491204-1 035 $a(EXLCZ)993580000000001502 100 $a19800429b19811988 uy a 101 0 $aeng 135 $aurcnu|||||||| 181 $ctxt$2rdacontent 182 $cc$2rdamedia 183 $acr$2rdacarrier 200 00$aJournal of climatology $ea journal of the Royal Meteorological Society 210 1$aChichester ;$aNew York :$cWiley,$d[1981-1988] 311 08$a0196-1748 531 0 $aJ. climatol. 606 $aClimatology$vPeriodicals 606 $aClimatology$2fast$3(OCoLC)fst00864281 608 $aPeriodicals.$2fast 615 0$aClimatology 615 7$aClimatology. 676 $a551.6 676 $a551.5/05 712 02$aRoyal Meteorological Society (Great Britain) 801 0$bLGG 801 1$bLGG 801 2$bOCLCE 801 2$bOCLCF 801 2$bDLC 801 2$bOCLCO 801 2$bOCLCQ 801 2$bCOO 801 2$bOCLCA 801 2$bAU@ 801 2$bOCLCQ 801 2$bOCLCL 906 $aJOURNAL 912 $a9910894579203321 996 $aJournal of climatology$91211819 997 $aUNINA